| Tag |
First Indicator |
Second Indicator |
Subfields |
| LEADER |
00000cam a2200000 a 4500 |
| 001 |
in00000529821 |
| 005 |
20190207094538.0 |
| 008 |
810923s1981 txuabe b s00010 eng d |
| 035 |
|
|
|a (OCoLC)07785199
|
| 035 |
|
|
|9 ACH9075AM
|
| 040 |
|
|
|a IXA
|c IXA
|d TXA
|d UtOrBLW
|
| 049 |
|
|
|a TXAS
|c [1422856]
|
| 090 |
|
|
|a Z679.2.U6
|b S422
|
| 100 |
1 |
|
|a Sebastian, John D.
|
| 245 |
1 |
2 |
|a A survey of Texas' Carnegie libraries /
|c John D. Sebastian.
|
| 264 |
|
1 |
|a [Lubbock] :
|b Texas Tech University,
|c [1981?]
|
| 300 |
|
|
|a 4 unnumbered pages, 110 pages :
|b illustrations, maps, plans ;
|c 28 cm.
|
| 336 |
|
|
|a text
|b txt
|2 rdacontent
|
| 337 |
|
|
|a unmediated
|b n
|2 rdamedia
|
| 338 |
|
|
|a volume
|b nc
|2 rdacarrier
|
| 500 |
|
|
|a The Cushing Library/Chapman Texas Collection copy is part of the Floyd & Louise Chapman Texas & Borderlands Collection.
|5 TXA
|
| 504 |
|
|
|a Bibliography: page 110.
|
| 600 |
1 |
0 |
|a Carnegie, Andrew,
|d 1835-1919.
|
| 650 |
|
0 |
|a Library buildings
|z Texas.
|
| 650 |
|
0 |
|a Library architecture
|z Texas.
|
| 999 |
|
|
|a MARS
|
| 999 |
f |
f |
|s 909f398b-ad65-3a42-9567-c533f32dda69
|i dbcda52e-d3ff-34f6-a77a-be564d3c5aa8
|t 0
|
| 952 |
f |
f |
|p noncirc
|a Texas A&M University
|b College Station
|c Cushing Memorial Library & Archives
|d Cushing: Chapman Texas Collection (Does not check out)
|t 0
|e Z679.2.U6 S422
|h Library of Congress classification
|i unmediated -- volume
|m A14808217381
|
| 998 |
f |
f |
|a Z679.2.U6 S422
|t 0
|l Cushing: Chapman Texas Collection (Does not check out)
|